| 000 | 00592nam a2200217Ia 4500 | ||
|---|---|---|---|
| 005 | 20230202133149.0 | ||
| 008 | 230125s9999 xx 000 0 und d | ||
| 020 | _a978-81-309-3415-0 | ||
| 041 | _aeng | ||
| 082 |
_a153.94 _bBAR |
||
| 100 |
_aBarrett J _9108224 |
||
| 245 |
_aTest Your Numerical Aptitude _bHow To Assess Your Numeracy Skills And Plan Your Career |
||
| 260 |
_c2016 _bSource Books _aNew Delhi |
||
| 300 | _a173p | ||
| 500 | _aAptitude Tests | ||
| 650 | _aAptitude Tests | ||
| 700 |
_aBarrett J _9108224 |
||
| 906 | _b48.75 | ||
| 942 | _cBK | ||
| 999 |
_c94060 _d94060 |
||